| 000 | | | 03682nmc2a22002533x 450 |
| 001 | | | e7d13e92-913c-4ac2-9e13-9b38d2a6d06a |
| 005 | | | 20251022170031.0 |
| 100 | ## | $a | 20250418l18441844k l0rusy0189 ca |
| 101 | 0# | $a | rus |
| | $a | fre |
| 102 | ## | $a | RU |
| 105 | ## | $a | y### |
| 122 | 2# | $a | d |
| 200 | 1# | $a | Дело о рассмотрении в Академии наук рукописи штабс-капитана Селезнева под названием "Восточный берег Черного моря" |
| | $j | 27 июня - 2 октября 1844 г. |
| 215 | ## | $a | 9 л. |
| | $d | 36,5х26 см |
| 251 | ## | $c | Дело |
| 300 | ## | $a | На обложке указано: "№59" |
| 300 | ## | $a | На русском и французском языках |
| 371 | ## | $a | Документ не является опубликованным и широко распространяемым |
| 461 | #0 | $1 | 0012b5b8419-5ce4-4d16-a7a3-85720a295f1f |
| | $1 | 2001 |
| | $a | Канцелярия министра народного просвещения |
| | $1 | 251 |
| | $c | Фонд |
| | $1 | 852 |
| | $j | 735 |
| 462 | #0 | $1 | 001562cc287-b13c-4f02-8029-f81535ba1e2e |
| | $1 | 2001 |
| | $a | Канцелярия министра народного просвещения |
| | $1 | 251 |
| | $c | Опись |
| | $1 | 852 |
| | $j | 2 |
| 801 | #0 | $a | RU |
| | $b | РГИА |
| | $c | 20250418 |
| | $g | RCR |
| 801 | #1 | $a | RU |
| | $b | ГлавНИВЦ |
| | $c | 20250418 |
| | $2 | rusmarc |
| 801 | #2 | $a | RU |
| | $b | ПБ им. Б.Н. Ельцина |
| | $c | 20251022 |
| | $g | RCR |
| | $2 | rusmarc |
| 850 | ## | $a | РГИА |
| 852 | ## | $a | РГИА |
| | $e | Федеральное казенное учреждение "Российский государственный исторический архив" (РГИА) |
| | $j | 478 |
| 937 | ## | $h | РГИА |
| | $d | 12421396 |
| | $a | ASBIBLIO_SCAN |
| 035 | ## | $a | RusGRCC00085467 |
| 856 | ## | $u | http://readingroom.main.prlib.ru/item.aspx?id_node=n198606989&mode=full |